书目信息 |
| 题名: |
儿童公益现场
|
|
| 作者: | 周鲒 主编 ;广州市少年宫 编 | |
| 分册: | ||
| 出版信息: | 广州 广东人民出版社 2013.02 |
|
| 页数: | 294页 | |
| 开本: | 24cm | |
| 丛书名: | ||
| 单 册: | ||
| 中图分类: | J121 | |
| 科图分类: | ||
| 主题词: | 艺术--作品集--中国--现代 , 艺术 | |
| 电子资源: | ||
| ISBN: | 978-7-218-08586-9 | |
| 000 | 01011nam0 2200289 450 | |
| 001 | 0100101126199 | |
| 005 | 20140528104157.43 | |
| 010 | @a978-7-218-08586-9@dCNY59.00 | |
| 100 | @a20130415d2013 em y0chiy50 ea | |
| 101 | 0 | @achi@aeng |
| 102 | @aCN@b440000 | |
| 105 | @aa z 000yy | |
| 106 | @ar | |
| 200 | 1 | @a儿童公益现场@9er tong gong yi xian chang@dWelfare actions in children's arts@f周鲒主编@g广州市少年宫编@zeng |
| 210 | @a广州@c广东人民出版社@d2013.02 | |
| 215 | @a294页@c图@d24cm | |
| 300 | @a海上儿童 | |
| 330 | @a本书主要内容包括:特殊 (特殊与普通的理解);精灵 (自闭症儿童美术);对话 (艺术融合工作坊);盲童 (关于视觉障碍的对话);恶童 (少教所学员美术)等。 | |
| 333 | @a一般读者 | |
| 510 | 1 | @aWelfare actions in children's arts@zeng |
| 606 | 0 | @a艺术@x作品集@y中国@z现代 |
| 606 | 0 | @a艺术 |
| 690 | @aJ121@v5 | |
| 701 | 0 | @a周鲒@9zhou jie@4主编 |
| 712 | 02 | @a广州市少年宫@9guang zhou shi shao nian gong@4编 |
| 801 | 0 | @aCN@b人天书店@c20130415 |
| 905 | @b547606-08@dJ121@e101@f3 | |
| 儿童公益现场=Welfare actions in children's arts/周鲒主编/广州市少年宫编.-广州:广东人民出版社,2013.02 |
| 294页:图;24cm |
| 海上儿童.-使用对象:一般读者 |
| ISBN 978-7-218-08586-9:CNY59.00 |
| 本书主要内容包括:特殊 (特殊与普通的理解);精灵 (自闭症儿童美术);对话 (艺术融合工作坊);盲童 (关于视觉障碍的对话);恶童 (少教所学员美术)等。 |
| ● |
| 相关链接 |
|
|
|
|
正题名:儿童公益现场
索取号:J121/101
 
预约/预借
| 序号 | 登录号 | 条形码 | 馆藏地/架位号 | 状态 | 备注 |
| 1 | 547606 | 205476064 | 第一样本阅览室/ [索取号:J121/101] | 在馆 | |
| 2 | 547607 | 205476073 | 第一借阅区/ [索取号:J121/101] | 在馆 | |
| 3 | 547608 | 205476082 | 密集书库-美术系/ [索取号:J121/101] | 在馆 |